Central Library OPAC University of Rajshahi

Virgin village Bandaikhara : (Record no. 1653)

MARC details
000 -LEADER
fixed length control field 01170cam a2200301 a 4500
001 - CONTROL NUMBER
control field 1653
003 - CONTROL NUMBER IDENTIFIER
rucl marc code BD-RjUL
005 - DATE AND TIME OF LATEST TRANSACTION
control field 20211208233359.0
008 - FIXED-LENGTH DATA ELEMENTS--GENERAL INFORMATION
fixed length control field 131208s1996 bg a 000 0 eng
035 ## - SYSTEM CONTROL NUMBER
System control number (BD-RjUL)1680
040 ## - CATALOGING SOURCE
Original cataloging agency DLC
Transcribing agency DLC
Modifying agency DLC
Language of cataloging eng
041 ## - LANGUAGE CODE
Language code of text/sound track or separate title eng
082 ## - DEWEY DECIMAL CLASSIFICATION NUMBER
Edition number 19
Classification number 301.350954145
Author mark and year SUV 1996
100 1# - MAIN ENTRY--PERSONAL NAME
Personal name Sufi, Anwarul Hasan,
Dates associated with a name 1953-
9 (RLIN) 5469
245 10 - TITLE STATEMENT
Title Virgin village Bandaikhara :
Remainder of title its women and mental handicaps /
Statement of responsibility, etc. Anwarul Hasan Sufi, Katsuhiro Yamasita, Sultana Nazneen.
260 ## - PUBLICATION, DISTRIBUTION, ETC. (IMPRINT)
Place of publication, distribution, etc. Rajshahi :
Name of publisher, distributor, etc. SIVUS Institute Bangladesh ;
Place of publication, distribution, etc. Fukushima, Japan :
Name of publisher, distributor, etc. Makibito Kai,
Date of publication, distribution, etc. 1996.
300 ## - PHYSICAL DESCRIPTION
Pagination 200 p. :
Illustrations ill. ;
Size 23 cm.
504 ## - BIBLIOGRAPHY, ETC. NOTE
Bibliography, etc Includes bibliographical references (p. 183-189).
650 #0 - SUBJECT ADDED ENTRY--TOPICAL TERM
Topical term or geographic name as entry element Women
Geographic subdivision Bangladesh
-- Bandaikhara
General subdivision Social conditions.
9 (RLIN) 5470
Topical term or geographic name as entry element People with mental disabilities
Geographic subdivision Bangladesh
-- Bandaikhara.
9 (RLIN) 5471
651 #0 - SUBJECT ADDED ENTRY--GEOGRAPHIC NAME
Geographic name Bandaikhara (Bangladesh)
General subdivision Social conditions.
9 (RLIN) 5472
Geographic name Bandaikhara (Bangladesh)
General subdivision Economic conditions.
9 (RLIN) 5473
700 1# - ADDED ENTRY--PERSONAL NAME
Personal name Yamashita, Katsuhiro,
Dates associated with a name 1935-
Personal name Nazneen, Sultana,
Dates associated with a name 1955-
942 ## - ADDED ENTRY ELEMENTS (KOHA)
Source of classification or shelving scheme Dewey Decimal Classification
Koha item type Books
Holdings
Lost status Source of classification or shelving scheme Damaged status Not for loan Collection code Permanent Location Current Location Shelving location Date acquired Source of acquisition Cost, normal purchase price Total Checkouts Full call number Date last seen Copy number Koha item type
  Dewey Decimal Classification     Non-fiction Central Library, University of Rajshahi Central Library, University of Rajshahi   06/04/1996 A. H. SUFI 100.00   301.350954145 SUV 1996 08/12/2013 C-9 Books
  Dewey Decimal Classification     Non-fiction Central Library, University of Rajshahi Central Library, University of Rajshahi   06/04/1996 A. H. SUFI 100.00   301.350954145 SUV 1996 17/05/2014 C-10 Books
  Dewey Decimal Classification   Not For Loan Non-fiction Central Library, University of Rajshahi Central Library, University of Rajshahi Reading Room 05/08/2007 Authors, Gift.     301.350954145 SUV 1996 17/05/2014 C-1 Books
  Dewey Decimal Classification     Non-fiction Central Library, University of Rajshahi Central Library, University of Rajshahi   28/12/1997 Aligarh Library, Rajshahi. 100.00   301.350954145 SUV 1996 17/05/2014 C-2 Books
  Dewey Decimal Classification     Non-fiction Central Library, University of Rajshahi Central Library, University of Rajshahi   06/04/1996 Aligarh Library, Rajshahi. 100.00   301.350954145 SUV 1996 17/05/2014 C-3 Books
  Dewey Decimal Classification     Non-fiction Central Library, University of Rajshahi Central Library, University of Rajshahi   06/04/1996 Aligarh Library, Rajshahi. 100.00   301.350954145 SUV 1996 17/05/2014 C-4 Books
  Dewey Decimal Classification     Non-fiction Central Library, University of Rajshahi Central Library, University of Rajshahi   06/04/1996 Aligarh Library, Rajshahi. 100.00   301.350954145 SUV 1996 17/05/2014 C-5 Books
  Dewey Decimal Classification     Non-fiction Central Library, University of Rajshahi Central Library, University of Rajshahi   06/04/1996 Aligarh Library, Rajshahi. 100.00   301.350954145 SUV 1996 17/05/2014 C-6 Books
  Dewey Decimal Classification     Non-fiction Central Library, University of Rajshahi Central Library, University of Rajshahi   06/04/1996 Aligarh Library, Rajshahi. 100.00   301.350954145 SUV 1996 17/05/2014 C-7 Books
  Dewey Decimal Classification     Non-fiction Central Library, University of Rajshahi Central Library, University of Rajshahi   06/04/1996 Aligarh Library, Rajshahi. 100.00   301.350954145 SUV 1996 17/05/2014 C-8 Books
  Dewey Decimal Classification     Non-fiction Central Library, University of Rajshahi Central Library, University of Rajshahi   28/12/1997 Aligarh Library, Rajshahi 100.00   301.350954145 SUV 1996 04/04/2017 C-11 Books
  Dewey Decimal Classification     Non-fiction Central Library, University of Rajshahi Central Library, University of Rajshahi   06/04/1996 A. H. Sufi,R. U. 100.00   301.350954145 SUV 1996 04/04/2017 C-12 Books